Państwa o powierzchni ponad 1 mln km² - Statystyki

Ogólne statystyki
  • Ten quiz został rozwiązany 81 razy
  • Średni wynik to 24 z 29
Statystyki odpowiedzi
Kontynent Powierzchnia km² Kraj % Poprawnych
Europa | Azja 17.098.242 Rosja
100%
Ameryka Południowa 8.515.767 Brazylia
99%
Azja 9.596.960 Chiny
99%
Ameryka Północna 9.525.067 Stany Zjednoczone
99%
Ameryka Północna 9.984.670 Kanada
97%
Australia i Oceania 7.682.300 Australia
96%
Azja 3.287.263 Indie
96%
Ameryka Południowa 2.780.400 Argentyna
94%
Europa | Azja 2.724.900 Kazachstan
93%
Ameryka Północna 1.964.375 Meksyk
93%
Afryka 2.381.741 Algieria
90%
Afryka 1.219.090 Republika Południowej Afryki
90%
Afryka 1.001.450 Egipt
88%
Ameryka Południowa 1.285.216 Peru
88%
Ameryka Południowa 1.138.910 Kolumbia
87%
Afryka 1.861.484 Sudan
85%
Azja 1.564.116 Mongolia
84%
Afryka 2.344.858 Demokratyczna Republika Konga
82%
Ameryka Południowa 1.098.300 Boliwia
78%
Afryka 1.267.000 Niger
78%
Azja 1.904.569 Indonezja
76%
Azja 1.648.195 Iran
76%
Azja 2.149.690 Arabia Saudyjska
75%
Afryka 1.284.000 Czad
72%
Afryka 1.246.000 Angola
70%
Afryka 1.104.300 Etiopia
70%
Afryka 1.759.540 Libia
69%
Afryka 1.240.192 Mali
67%
Afryka 1.030.700 Mauretania
63%
Nie znaleziono quizów pasujących do podanych kryteriów
Rozkład punktacji
Procent ludzi z każdym wynikiem
Percentyl według liczby udzielonych odpowiedzi
Twoja historia wyników
Nie rozwiązałeś tego quizu